Normal view MARC view
  • Chicago (Ill.)

Entry Geographic Name

Number of records used in: 3

001 - CONTROL NUMBER

  • control field: 7650

003 - CONTROL NUMBER IDENTIFIER

  • control field: NUST

005 - DATE AND TIME OF LATEST TRANSACTION

  • control field: 20171227104659.0

008 - FIXED-LENGTH DATA ELEMENTS

  • fixed length control field: 171227|| aca||aabn | a|a d

040 ## - CATALOGING SOURCE

  • Original cataloging agency: NUST
  • Transcribing agency: NUST

151 ## - HEADING--GEOGRAPHIC NAME

  • Geographic name: Chicago (Ill.)
  • General subdivision: Fiction.

670 ## - SOURCE DATA FOUND

  • Source citation: Work cat.: (NUST)0: Greeley, Andrew M., 1928-2013. 7646, Irish lace :, 1996.
© 2023 Central Library, National University of Sciences and Technology. All Rights Reserved.